Missing Word: Make a Film Quiz Stats

 Plays Quiz Updated Oct 7, 2019

Score 0/12 Timer 04:00
2 Plays Today
Film 1 Answer Film % Correct
The Hunt for ____ October (1990)Red Dawn
92.9%
____ Dancing (1987)Dirty Harry
92.6%
The Good, the ____ and the Ugly (1966)Bad Boys
92.1%
The ____ Who Loved Me (1977)Spy Kids
91.2%
____ History X (1998)American Beauty
90.4%
____ in Sixty Seconds (2000)Gone Girl
88.6%
Fist ____ (2017)Fight Club
82.4%
Fever ____ (2005)Pitch Perfect
80%
Scouts Guide to the Zombie ____ (2015)Apocalypse Now
79.4%
Live and Let ____ (1973)Die Hard
74%
The ____ Lady (2011)Iron Man
64.3%
Lars and the ____ Girl (2007)Real Steel
46.4%

Today's Daily Dose

You're not logged in!

Compare scores with friends on all Sporcle quizzes.
OR
Log In

Sporcle TV

Today on Sporcle TV


Watch our educational content, quiz creation guides, and fun videos on Sporcle TV.

Show Comments

Extras

Top Quizzes Today


Score Distribution

Your Account Isn't Verified!

In order to create a playlist on Sporcle, you need to verify the email address you used during registration. Go to your Sporcle Settings to finish the process.

Report this User

Report this user for behavior that violates our Community Guidelines.

Details: